Statistics for Countries with most number of medals in 2014 Winter Olympics

Click here to take the quiz!

General Stats

  • This quiz has been taken 870 times
  • The average score is 21 of 25

Answer Stats

Hint Answer % Correct
33Russia
99%
28USA
99%
26Norway
98%
25Canada
97%
15Sweden
96%
5Finland
95%
9China
94%
19Germany
93%
4Great Britain
93%
15France
92%
8Japan
92%
17Austria
91%
8Italy
90%
11Switzerland
90%
8South Korea
86%
24Netherlands
83%
6Poland
83%
2Ukraine
78%
3Australia
75%
8Czech Republic
74%
1Slovakia
71%
8Slovenia
70%
6Belarus
69%
1Croatia
57%
1Kazakhstan
41%

Score Distribution

Percentile by Number Answered

Percent of People with Each Score

Your Score History

You have not taken this quiz